| 000 | 00801cam a22002293a 4500 | ||
|---|---|---|---|
| 001 | 24868 | ||
| 003 | PGUSA | ||
| 005 | 20140828083532.0 | ||
| 008 | 080318s2008||||xxu|||||s|||||000 | eng d | ||
| 040 |
_aPGUSA _beng |
||
| 042 | _adc | ||
| 050 | 4 | _aHD | |
| 100 | 1 | _aNational Industrial Conference Board | |
| 245 | 1 | 4 |
_aThe Cost of Living Among Wage-Earners : _bFall River, Massachusetts, October, 1919, Research Report Number 22, November, 1919 _h[electronic resource] / _cNational Industrial Conference Board |
| 260 |
_bProject Gutenberg, _c2008 |
||
| 506 | _aPublic domain in the USA. | ||
| 516 | _aElectronic text | ||
| 653 | _aCost and standard of living -- Massachusetts -- Fall River | ||
| 830 | 0 |
_aProject Gutenberg _v24868 |
|
| 856 | 4 | 0 | _uhttp://www.gutenberg.org/ebooks/24868 |
| 942 | _cEB | ||
| 999 |
_c254123 _d254123 |
||